000 00919nas a2200289 4500
001 BR9100386
003 BR-BrBNA
005 20231205091900.0
007 ta
008 230509b bl.|||p| |||| 00| 00por d
040 _aBR-BrBNA
_bpor
_cBiblioteca Nacional de Agricultura
041 _a(Pt)
072 _aP10; F60; F01
100 1 _aMedeiros, S.L.P.
100 1 _aWestphalen, S.L.
100 1 _aMatzenauer, R.
100 1 _aBergamaschi, H.
245 1 _aRelacoes entre evapotranspiracao e rendimento de graos de milho
246 1 _aRelations between evapotranspiration and grain yield of corn (Zea mays L.)
650 _aMILHO
650 _aEVAPOTRANSPIRACAO
650 _aRENDIMENTO
650 _aRIO GRANDE DO SUL
773 0 _tPesquisa Agropecuaria Brasileira (Brazil)
_xISSN 0100-204X
_g(Jan 1991), v. 26(1) p. 1-10
_wBR9100386
909 _a202311
_bLúcia
_c55
_dLúcia Elande
942 _2AGRIS
_n0
_cANA
999 _c127941
_d127941